Sức mạnh của hiện tại Power of now - A guide to spiritual enlightenment

Giới thiệu thế giới tâm linh của bản thân để tìm thấy sức mạnh nội tại và năng lực giải quyết các vấn đề của cuộc sống như những chuyện cá nhân, tình cảm vợ chồng, mọi quan hệ xã hội... cho đến xung đột, chiến tranh, khủng bố......

ver descrição completa

Na minha lista:
Detalhes bibliográficos
Autor principal: Tolle, Eckhart
Outros Autores: Nguyễn, Văn Hạnh
Formato: Livro
Idioma:Undetermined
Publicado em: Tp. Hồ Chí Minh Tổng hợp Tp. Hồ Chí Minh ; Công ty Văn hóa Sáng tạo Trí Việt 2019
Assuntos:
Acesso em linha:http://lrc.tdmu.edu.vn/opac/search/detail.asp?aID=2&ID=38162
Tags: Adicionar Tag
Sem tags, seja o primeiro a adicionar uma tag!
Thư viện lưu trữ: Trung tâm Học liệu Trường Đại học Thủ Dầu Một
LEADER 01204nam a2200229Ia 4500
001 TDMU_38162
008 210410s9999 xx 000 0 und d
082 |a 658.8 
090 |b T428 
100 |a Tolle, Eckhart 
245 0 |a Sức mạnh của hiện tại 
245 0 |b Power of now - A guide to spiritual enlightenment 
245 0 |c Eckhart Tolle ; Nguyễn Văn Hạnh (dịch) 
260 |a Tp. Hồ Chí Minh 
260 |b Tổng hợp Tp. Hồ Chí Minh ; Công ty Văn hóa Sáng tạo Trí Việt 
260 |c 2019 
300 |a 399tr. 
520 |a Giới thiệu thế giới tâm linh của bản thân để tìm thấy sức mạnh nội tại và năng lực giải quyết các vấn đề của cuộc sống như những chuyện cá nhân, tình cảm vợ chồng, mọi quan hệ xã hội... cho đến xung đột, chiến tranh, khủng bố... 
650 |a Tôn giáo  |x Đời sống tinh thần 
700 |a Nguyễn, Văn Hạnh 
856 |u http://lrc.tdmu.edu.vn/opac/search/detail.asp?aID=2&ID=38162 
980 |a Trung tâm Học liệu Trường Đại học Thủ Dầu Một